Größte Städte des Regierungsbezirks Freiburg - Statistiken

Allgemein
  • Dieses Quiz wurde 141 mal gespielt
  • Das Durchschnittsergebnis liegt bei 14 aus 20
Antwortstatistiken
Einwohner Kreis Stadt % Korrekt
49.291 Lörrach Lörrach
98%
84.911 Konstanz Konstanz
97%
27.977 Emmendingen Emmendingen
96%
231.195 kreisfrei Freiburg im Breisgau
95%
25.182 Rottweil Rottweil
93%
24.202 Waldshut Waldshut-Tiengen
90%
36.102 Tuttlingen Tuttlingen
88%
59.967 Ortenaukreis Offenburg
81%
85.707 Schwarzwald-Baar-Kreis Villingen-Schwenningen
79%
47.201 Ortenaukreis Lahr/Schwarzwald
72%
30.150 Lörrach Weil am Rhein
65%
47.643 Konstanz Singen (Hohentwiel)
63%
36.664 Ortenaukreis Kehl
54%
22.118 Schwarzwald-Baar-Kreis Donaueschingen
51%
31.496 Konstanz Radolfzell am Bodensee
46%
25.642 Ortenaukreis Achern
40%
20.377 Breisgau-Hochschwarzw. Bad Krozingen
40%
33.083 Lörrach Rheinfelden
38%
21.850 Emmendingen Waldkirch
38%
21.148 Rottweil Schramberg
30%
Keine übereinstimmenden Quizze gefunden
Verteilung der Resultate
Anzahl Personen mit jedem Resultat
Perzentil nach korrekt beantworteten Fragen
Ihre Resultats-Entwicklung
Sie haben dieses Quiz noch nicht gespielt